000 01282nam a22002657a 4500
005 20170124103200.0
010 _aB-082048
020 _c600.00
_a8185616825
035 _aB-082048
037 _bCen Lib/Ret
040 _aDPL
_bHN
082 _a240
_bजैनही
100 _aजैन, हीरालाल
_943761
245 _aजैन परम्परा और श्रमण संस्कृति /
_cहीरालाल जैन ; सम्पादक धरमचंद जैन
246 _aJain parampara aur shraman sanksriti /
_bby Hiralal Jain ; sampadak Dharam Chand Jain
260 _bशारदा पब्लिशिंग हाउस
_aदिल्ली
_c2002
270 _a40, आनन्द नगर, इन्द्रलोक
_bदिल्ली
_e110035
300 _axi,322पृ.
_c21सेमी(सजिल्द)
650 _aजैन धर्म - सिद्धांतों
_991503
650 _aमठ और धार्मिक जीवन (जैन धर्म)
_991504
650 _aJainism -- Doctrines.
_991505
650 _aMonastic and religious life (Jainism)
_991506
700 _aजैन, धरमचंद
_991507
942 _2ddc
_cHN
_h240
_mजैनही
999 _c120602
_d120602